000 00671nam a22001935i 4500
001 167480
003 ES-MaACL
005 20230906213533.0
008 050929s1844 be | |||||||| ||fre d
040 _aCAM
_bspa
_cCAM
100 1 _aVidocq.
_9133699
245 1 4 _aLes vrais mystères de Paris /
_cpar Vidocq.
260 _aBruxelles et Leipzig :
_bC. Muquard,
_c1844.
300 _a9 v. (192; 160; 166; 160; 162; 183; 160; 192; 167 p.) ;
_c15 cm.
700 1 _aMucquard, C.,
_eed.
_9130271
752 _aBélgica -
_dBruselas
752 _aAlemania -
_dLeipzig
852 _aES-MaACL
_jD-3943-3945
_z-- Enc. hol.
_z-- Legado de M. de la Fuente
_z-- Enc. 9 t. en 3 v.
999 _c167480
_d167480